Responses for Show #1665 - Friday, November 22, 1991

Missing introductions and prizes.

Contestants

[<< previous game]

Craig Rhyne, from

Ted Cockley, a Lutheran pastor from

Josh Vincent, a waiter and a chef from Brigantine, New Jersey (whose 3-day cash winnings total $48,800)

[next game >>]

Jeopardy! Round responses

WORLD GEOGRAPHY
GAMES
CORPORATE AMERICA
FLAGS
POP MUSIC
COMPLETES THE SET
(Alex: You'll figure that one out very quickly.)
    $100 6
the Rio Grande

Josh
    $100 16
Mousetrap

Ted
    $100 21
Hires

Ted
    $100 11
the Moon

Josh
    $100 1
Madonna

Craig
    $100 26
mineral

Ted
    $200 7
Mecca

Josh
    $200 17
bananas

Josh
    $200 22
Oreos

Josh
    $200 12
(Josh: What is [*] on me?)

tread

Josh
    $200 2
"La Bamba"

Josh
    $200 27
water

Ted
    $300 8
Milan

Josh
    $300 18
musical chairs

Josh
    $300 23
(Josh: What are [*] Rolls?)

Tootsie

Josh
    $300 13
red

Ted
    $300 3
Sting

Josh
    $300 28
Ollie

Josh
    $400 9
Barcelona

Craig
    $400 19
the knight

Ted
    $400 24
(Craig: What is AT&T?)
(Ted: What is the American Telegraph Company?)
...
(Alex: And we have less than a minute to go.)

Western Union

JoshTedCraig
    $400 14
stars

Josh
    $400 4
Kim Carnes

Craig
    $400 29
Buzz Aldrin

Josh
    $500 10
the Kalahari

Josh
    $500 20
Parcheesi

Josh
    $500 25
(Josh: What is Nabisco?)

Frito-Lay

JoshCraig
    $500 15
orange

Craig
    $500 5
[The song was not reprised going into the break.]

Roy Orbison

Craig
    $500 30
(Craig: What is minds?)
(Ted: What is heart?)
...
(Alex: The 4-H motto.)

health

TedCraig
Triple Stumper

Scores at the first commercial break (after clue 12):

Josh Ted Craig
$1,900 $0 $1,400

Scores at the end of the Jeopardy! Round:

Josh Ted Craig
$4,400 $300 $1,500

Double Jeopardy! Round responses

U.S. HISTORY
ARCHITECTS
QUOTES
HODGEPODGE
RELIGION
(Alex: And finally, our tribute to...)
SINCLAIR LEWIS
    $200 1
Oklahoma

Ted
    $200 10
the Washington Monument

Josh
    $200 16
a peace

Ted
    $200 21
orthodonty

Ted
    $200 2
Fujiyama

Josh
    $200 26
Newsweek

Ted
    $400 3
freedom of the press (or freedom of speech)

Josh
    $400 11
(William Randolph) Hearst

Ted
    $400 17
George Bernard Shaw

Josh
    $400 22
(Mount) Communism

Josh
    $400 7
7

Ted
    $400 27
Upton Sinclair

Josh
    $2,000 4
John Tyler

Josh
    $600 13
the Louvre

Josh
    $600 18
Tom Wolfe

Craig
    $600 23
Lynn Redgrave

Josh
    $600 8
(Ted: What is a talisman?)

a pipe

Ted
Triple Stumper
    $600 28
Arrowsmith

Triple Stumper
    $800 5
William Jennings Bryan

Josh
    $800 14
Frank Lloyd Wright

Josh
    $800 19
words

Ted
    $800 24
Wendell Wilkie

Craig
    $800 9
Egypt

Josh
    $1,000 29
(Josh: Sinclair Who? $1,000.)
...
(Josh: No idea.)

Elmer Gantry

Josh
    $1000 6
(Josh: What is Birmingham?)

Montgomery

JoshTed
    $1000 15
Newport

Craig
    $1000 20
(Josh: What is Kansas?)

Maine

JoshCraig
    $1000 25
Olaf

Josh
    $1000 12
the Sikh religion

Josh
    $1000 30
Main Street

Triple Stumper

Scores at the end of the Double Jeopardy! Round:

Josh Ted Craig
$11,000 $3,100 $4,900
(lock game)

[wagering suggestions for these scores]

Final Jeopardy! Round responses

THE ELEMENTS
(Alex: [*]. Light-bearing. Lucifer.)
TedWhat is plutonium
$2,900
CraigWhat is Sulphur?
$1,301
JoshWhat is iron
$1,000
phosphorus

Final scores:

Josh Ted Craig
$10,000 $200 $3,599
4-day champion: $58,800 3rd place 2nd place

Game dynamics:

Coryat scores:

Josh Ted Craig
$10,600 $3,100 $4,900
31 R
(including 1 DD),
4 W
(including 1 DD)
14 R,
3 W
10 R
(including 1 DD),
2 W

Combined Coryat: $18,600

[game clues] [game scores] [suggest correction]

Game tape date: 1991-09-11
The J! Archive is created by fans, for fans. Scraping, republication, monetization, and malicious use prohibited; this site may use cookies and collect identifying information. See terms. The Jeopardy! game show and all elements thereof, including but not limited to copyright and trademark thereto, are the property of Jeopardy Productions, Inc. and are protected under law. This website is not affiliated with, sponsored by, or operated by Jeopardy Productions, Inc. Join the discussion at JBoard.tv.